| 000 | 00417nam a22001817a 4500 | ||
|---|---|---|---|
| 005 | 20200729163635.0 | ||
| 008 | 160916b xxu||||| |||| 00| 0 eng d | ||
| 020 | _a81-203-0140-4 | ||
| 041 | _aeng | ||
| 082 |
_a003 _b21294 |
||
| 100 |
_aGORDON,GEOFFREY _93589 |
||
| 245 | _aSYSTEM SIMULATION | ||
| 250 | _a2nd ed. | ||
| 260 |
_bPHI _c2002 |
||
| 300 | _a319 | ||
| 650 |
_aINFORMATION TECHNOLOGY _9137 |
||
| 942 | _cBK | ||
| 999 |
_c5262 _d5260 |
||